Kamala markandaya and her themes / (Record no. 40271)

MARC details
000 -LEADER
fixed length control field 00700nam a22001937a 4500
005 - DATE AND TIME OF LATEST TRANSACTION
control field 20100809113213.0
010 ## - LCCN (DPL NO)
LC control number ENG-98940
020 ## - INTERNATIONAL STANDARD BOOK NUMBER
International Standard Book Number 9789380421186
Terms of availability 50.00
035 ## - SYSTEM CONTROL NUMBER
System control number EN-82472
037 ## - SOURCE OF ACQUISITION
Source of stock number/acquisition DBAD/PUB
082 ## - DEWEY DECIMAL CLASSIFICATION NUMBER
Classification number 306.0934
100 ## - MAIN ENTRY--PERSONAL NAME
Personal name Indira, S.
245 ## - TITLE STATEMENT
Title Kamala markandaya and her themes /
Statement of responsibility, etc by S. Indira
260 ## - PUBLICATION, DISTRIBUTION, ETC. (IMPRINT)
Place of publication, distribution, etc Thanjavur
Name of publisher, distributor, etc Nalankilli Pathippagam
Date of publication, distribution, etc 2009
270 ## - ADDRESS
Address 1271, Sulthanjippa Lane, South Rampart
City Thanjavur
Postal code 613001
300 ## - PHYSICAL DESCRIPTION
Extent 71p.
Dimensions 21cm (pbk)
942 ## - ADDED ENTRY ELEMENTS (KOHA)
Source of classification or shelving scheme Dewey Decimal Classification
Item type English Books
Classification part 306.0934
Call number suffix IND
Holdings
Withdrawn status Lost status Not for loan Collection code Home library Current library Date acquired Source of acquisition Cost, normal purchase price Full call number Barcode Copy number Cost, replacement price Koha item type
    Not For Loan Non-fiction D.B.Act.Division D.B.Act.Division 09/08/2010 DBAD/PUB 50.00 306.0934 IND EN-82472 1 50.00 English Books

© Delhi Public Library
Hit Counter
free hit counter